Nuestros hijos de 18 años / (Record no. 102437)
[ view plain ]
| 000 -LEADER | |
|---|---|
| campo de control de longitud fija | 00425nam a2200157 i 4500 |
| 001 - NÚMERO DE CONTROL | |
| campo de control | 102437 |
| 003 - IDENTIFICADOR DE NÚMERO DE CONTROL | |
| campo de control | ES-MaACL |
| 005 - FECHA Y HORA DE LA ÚLTIMA TRANSACCIÓN | |
| campo de control | 20230906183117.0 |
| 007 - CAMPO FIJO DE DESCRIPCIÓN FÍSICA--INFORMACIÓN GENERAL | |
| campo de control de longitud fija | t| |
| 008 - DATOS DE LONGITUD FIJA--INFORMACIÓN GENERAL | |
| campo de control de longitud fija | 051110s1973 sp ||||1| spa d |
| 100 1# - ENTRADA PRINCIPAL--NOMBRE DE PERSONA | |
| Nombre de persona | Menu, Michel. |
| 9 (RLIN) | 80387 |
| 245 10 - MENCIÓN DEL TÍTULO | |
| Título | Nuestros hijos de 18 años / |
| Mención de responsabilidad, etc. | Michel Menu. |
| 260 ## - PUBLICACIÓN, DISTRIBUCIÓN, ETC. | |
| Lugar de publicación, distribución, etc. | Bilbao : |
| Nombre del editor, distribuidor, etc. | Descleé de Brouwer, |
| Fecha de publicación, distribución, etc. | 1973. |
| 300 ## - DESCRIPCIÓN FÍSICA | |
| Extensión | 230 p. ; |
| Dimensiones | 19 cm. |
| 852 ## - LOCALIZACIÓN | |
| Ubicación | ES-MaACL |
| Número de control de estantería | C-54542 |
| Sublocalización o colección | R.87383 |
| Estatus retirado | Estado de pérdida | Estado de daño | No para préstamo | Biblioteca de origen | Biblioteca actual | Ubicación en estantería | Fecha de adquisición | Fuente de adquisición | Total de préstamos | Signatura topográfica completa | Código de barras | Visto por última vez | Precio de reemplazo | Tipo de ítem Koha |
|---|---|---|---|---|---|---|---|---|---|---|---|---|---|---|
| Biblioteca del Ateneo de Madrid | Biblioteca del Ateneo de Madrid | Depósito 2 | 17/01/2008 | C-54542 | 1106933 | 23/02/2023 | 23/02/2023 | Libro impreso |
